000 00910nas a2200301 4500
001 BR2012009070
003 BR-BrBNA
005 20231205121610.0
007 ta
008 230509b bl.|||p| |||| 00| 00por d
040 _aBR-BrBNA
_bpor
_cBiblioteca Nacional de Agricultura
041 _a(En)
072 _aL74
100 1 _aHvenegaard, A.P.
100 1 _aSafatle, A.M.V.
100 1 _aGuimarães, M.B.
100 1 _aFerreira, A.J.P.
100 1 _aBarros, P.S.M.
245 1 _aRetrospective study of ocular disorders in Amazon parrots
246 1 _aRetrospective study of ocular disorders in Amazon parrots
650 _aPAPAGAIO
650 _aOLHO
650 _aDISTÚRBIO
650 _aCATARATA
773 0 _tPesquisa Veterinária Brasileira (Brazil)
_xISSN 0100-736X
_g(Dec 2009), v. 29(12) p. 979-984
_wBR2012009070
909 _a202311
_bLúcia
_c55
_dLúcia Elande
942 _2AGRIS
_n0
_cANA
999 _c224310
_d224310